[Event "Olympiad-38"]
[Site "Dresden"]
[Date "2008.11.14"]
[Round "2"]
[White "Grischuk, Alexander"]
[Black "Wojtaszek, Radoslaw"]
[Result "1/2-1/2"]
[WhiteElo "2719"]
[BlackElo "2599"]
[Annotator "Wojtaszek,R"]
[PlyCount "226"]
[EventDate "2008.11.13"]
[EventType "team-swiss"]
[EventRounds "11"]
[EventCountry "GER"]
[SourceTitle "CBM 128"]
[Source "ChessBase"]
[SourceDate "2009.01.28"]
[SourceVersion "1"]
[SourceVersionDate "2009.01.28"]
[SourceQuality "1"]
[WhiteTeam "Russia"]
[BlackTeam "Poland"]
[WhiteTeamCountry "RUS"]
[BlackTeamCountry "POL"]

1. d4 Nf6 2. c4 e6 3. Nf3 d5 {Before this game I had played this move only
once in my life.} 4. g3 dxc4 5. Bg2 c5 (5... Bb4+ {was my previous choice, but
in this game I wanted to try something else.}) 6. O-O Nc6 7. Qa4 Bd7 8. Qxc4
cxd4 9. Nxd4 Rc8 10. Nc3 Nxd4 11. Qxd4 Bc5 12. Qh4 {This whole line was
considered as dubious for Black but...} O-O $1 {This very interesting idea is
almost new and was found by GM Peter Heine Nielsen. Black is ready to
sacrifice the pawn on b7, hoping for long-term compensation.} (12... Bc6 $6 13.
Rd1 Qb6 14. Bxc6+ Rxc6 15. Bh6 $1 $16 {Topalov,V (2743)-Van Wely,L (2668)
Amber-blind 12th rapid 2003 (6) 1-0}) 13. Rd1 $6 ({Three rounds later the most
critical} 13. Bxb7 {was played, but after} Rb8 14. Bf3 Rb4 15. Qg5 Bd4 16. Qd2
Qc7 $44 {Avrukh,B (2657)-Nielsen,P (2662) 38th Olympiad 2008 (5) 1/2 Black had
enough compensation in}) ({I believe} 13. Bg5 $5 {could be an interesting
alternative} h6 14. Bxf6 Qxf6 15. Qxf6 gxf6 16. Bxb7 Rb8 17. Bf3 Rxb2 18. Rfd1
$14 {/=, with a small, but stable advantage.}) 13... Qb6 $1 14. Bg5 $2 {
After this move Black is already better.} (14. Ne4 {was necessary} Bd4 (14...
Nxe4 15. Bxe4 f5 16. Rxd7 fxe4 17. Qg5 Be7 18. Qe3 Bc5 19. Qg5 $11) 15. Nxf6+
Bxf6 16. Bg5 Bxg5 17. Qxg5 Bc6 $11) 14... Bxf2+ $8 15. Kh1 (15. Kf1 Bg1 $3 {
Maybe this is what my opponent missed, Black is just winning here.}) 15... Nd5
16. Be4 f5 17. Nxd5 exd5 18. Bxd5+ Kh8 (18... Be6 $5 {was also possible, for
example} 19. Qf4 (19. Bxe6+ Qxe6 20. Qh5 Rc2 $17) 19... Bxd5+ 20. Rxd5 Qxb2 21.
Rf1 Bc5 22. Qc4 b5 $1 $17 {I missed this important move during the game.}) 19.
Rd2 (19. b3 Bc6 20. Qf4 h6 $1 (20... Bxd5+ $2 21. Rxd5 h6 22. Be7 Qe6 23. Rad1
$1 Bxg3 24. hxg3 Qxe7 25. Rxf5 $11) 21. Be7 Rfe8 22. Qxf5 Bd4 23. Rab1 Bxd5+
24. Qxd5 Rxe7 25. Rxd4 Rxe2 $17) 19... Bc6 20. Qc4 h6 21. Bf4 Rfd8 $2 (21...
Be3 $1 22. Bxe3 Qxe3 23. Qd4 Qxd4 (23... Bxd5+ 24. Qxd5 Rfd8 25. Qxd8+ Rxd8 26.
Rxd8+ Kh7 27. Rad1 Qxe2 28. R8d2 $11) 24. Rxd4 Bxd5+ 25. Rxd5 Rc2 26. b3 Rxe2
27. Rd7 b6 {During the game I evaluated this as almost winning for Black but I
thought what I played in game was an easier way.}) 22. Bxc6 Rxd2 $6 (22... Rxc6
{was probably better, but I wanted things to be forced.}) 23. Bxd2 Qxb2 24. Bc3
Rxc6 25. Qxc6 Qxa1+ 26. Bxa1 bxc6 27. Kg2 Bc5 28. Kf3 Kg8 29. e4 fxe4+ 30. Kxe4
Kf7 {I still thought it's completely winning...} 31. g4 Be7 32. Be5 Bf6 33. Bb8
a6 34. Kd3 {Only here I realised that there is no way to break the wall.} Ke6
35. Kc4 Be5 {The last chance was to go for a queen ending.} (35... Be7 36. h3
Bd6 37. Ba7 g6 38. Bd4 $11) 36. Bxe5 Kxe5 37. Kc5 Kf4 38. a4 Kxg4 39. a5 Kh3
40. Kxc6 Kxh2 41. Kb6 g5 42. Kxa6 g4 43. Kb5 g3 44. a6 g2 45. a7 g1=Q 46. a8=Q
{This is of course a theoretical draw, according to the tablebases. On the
other hand I believe it's not easy to play, some moves looks completely random.
} h5 47. Qe4 Qg5+ 48. Ka6 Qf6+ 49. Ka5 h4 50. Qe2+ Kg3 51. Qe1+ Kg4 52. Qe4+
Kg5 53. Qe3+ Qf4 54. Qe7+ Kg4 55. Qe2+ Qf3 56. Qc4+ Kh5 57. Qb5+ Kh6 58. Qb6+
Kg5 59. Qd8+ Qf6 60. Qd2+ Kg6 61. Qh2 Qc3+ 62. Ka4 h3 63. Qf4 $4 {White was
doing fine until here. According to the tablebases only} (63. Kb5 {guaranteed
a draw.}) 63... Qc2+ 64. Kb4 Qf5 $2 {After this black is winning, but in 70
moves :-)} (64... h2 {and Black is winning in 32 moves. I can regret as it was
quite natural move.}) 65. Qh4 $2 {65.Qg3 or Qe3 was better, but how can you
guess that?!} Qf3 66. Ka4 Kf5 67. Qh7+ Kg4 {After this Black is not winning
anymore.} 68. Qg7+ Kh4 69. Qe7+ Kg3 70. Qe1+ $4 (70. Ka5 $1 {was the only
drawing move.}) 70... Kg4 71. Qe6+ Qf5 72. Qg8+ Kf3 73. Qb3+ Kf4 74. Qa2 Qe4+
$2 {I missed the best chance here} ({after} 74... Kg3 {I was winning in 18
moves.}) 75. Kb5 Qb7+ 76. Kc5 Qc7+ 77. Kb5 Qd7+ $2 {That was my last chance to
win the game. After this move White didn't blunder again.} (77... Qe5+ {
was the only move}) 78. Ka6 Qc6+ 79. Ka7 Kg3 80. Qg8+ Kf4 81. Qf8+ Kg5 82. Qg7+
Qg6 83. Qe5+ Qf5 84. Qg7+ Kf4 85. Qd4+ Qe4 86. Qf6+ Kg4 87. Qg7+ Kf3 88. Qf6+
Qf4 89. Qc6+ Ke2 90. Qc2+ Qd2 91. Qc4+ Kf3 92. Qc6+ Kf2 93. Qf6+ Ke2 94. Qa6+
Qd3 95. Qa2+ Kf1 96. Qf7+ Kg2 97. Qg7+ Kf2 98. Qf6+ Ke2 99. Qb2+ Qd2 100. Qb5+
Qd3 101. Qb2+ Qd2 102. Qb5+ Kf2 103. Qf5+ Kg3 104. Qg6+ Kh2 105. Qg4 Qa2+ 106.
Kb8 Qg2 107. Qf5 Qb2+ 108. Ka7 Qa3+ 109. Kb8 Qd6+ 110. Ka7 Qd4+ 111. Ka6 Qc4+
112. Ka7 Kg2 113. Qg5+ Kf3 {That was the longest game of the round. In fact it
was really unpleasant, because we lost 1.5-2.5.} 1/2-1/2

[Event "London Classic 9th"]
[Site "London"]
[Date "2017.12.04"]
[Round "3"]
[White "Carlsen, Magnus"]
[Black "Anand, Viswanathan"]
[Result "1/2-1/2"]
[WhiteElo "2874"]
[BlackElo "2770"]
[Annotator "Yermolinsky,A"]
[PlyCount "62"]
[EventDate "2017.12.01"]
[EventType "tourn"]
[EventRounds "9"]
[EventCountry "ENG"]
[EventCategory "22"]
[SourceTitle "CBM 182"]
[Source "ChessBase"]
[SourceDate "2018.01.17"]
[SourceVersion "1"]
[SourceVersionDate "2018.01.17"]
[SourceQuality "1"]

1. d4 Nf6 2. c4 e6 3. g3 d5 4. Bg2 dxc4 5. Nf3 c5 {Anand likes straighforward
lines in his preparation to play with black pieces.} 6. O-O Nc6 7. Na3 $5 ({
A similar version of the same idea is} 7. Ne5 Bd7 8. Na3 cxd4 9. Naxc4 Bc5) ({
while, of course,} 7. Qa4 {remains White's top choice.}) 7... cxd4 8. Nxc4 Bc5
9. b3 $5 (9. a3 a5 10. Bd2 O-O 11. Rc1 a4 12. Nce5 {Artemiev-Zvjaginsev, 2015})
(9. Qc2 O-O 10. Nce5 {Nakamura-Kaidanov, 2012}) 9... Qe7 10. Nfe5 {It seems
Carlsen wasn't sure about his preparation.} ({A logical follow-up has to be} 
10. Bb2 e5 11. b4 $1 {where Black's best may be} Nxb4 (11... Bxb4 12. Nfxe5
Nxe5 13. Nxe5 Bc3 14. Bxc3 dxc3 15. Qa4+ Nd7 16. Nc4 {quickly rounding up the
c3-pawn and keeping some edge due to the vastly superior bishop.}) 12. Nfxe5
O-O 13. a3 Na6 {White then gets his pawn back and plays on.} 14. Bxd4 Bxd4 15.
Qxd4 Rd8 16. Qf4 {etc.}) 10... Nxe5 11. Nxe5 {In such positions the key issue
is to prevent Black from connecting his pawns.} Nd7 $1 {Vishy cuts to the
chase. The issue of a strong white knight has to be addressed immediately.} (
11... O-O 12. Bb2 Rd8 13. Rc1 Rb8 14. Qc2 Bb6 15. Rfd1 Nd7 16. Nc4 $1 {turned
out to be better for White in Melkumian-Grachev, World Cup 2017.}) 12. Bf4 O-O
13. Rc1 Rd8 ({A more direct way was} 13... f6 14. Nxd7 Bxd7 15. Bxb7 Rae8 16.
Qd3 Kh8) 14. Nd3 $6 {Magnus takes it a bit too far.} ({Perhaps he was not
entirely satisfied with White's chances after} 14. Nxd7 Rxd7 (14... Bxd7 15.
Bxb7 e5 {is enterprising.}) 15. Rc4 e5 16. Qc2 exf4 17. Rxc5 Rd8 {but
nevertheless, it was the way to go.}) 14... Bb6 15. Bc7 Re8 16. Qc2 e5 {
Black has accomplished his goal, and now it's up to White not to get worse.}
17. Rfd1 Nf8 18. a4 Bg4 19. Bxb6 axb6 20. h3 Rac8 21. Qd2 {Here we have it:
Black is a clean pawn up.} Be6 $2 {One can only feel disappointment seeing the
former World Champ settling for a draw.} (21... Bh5 22. Rc4 f6 23. Rdc1 Rxc4
24. bxc4 Bf7 $15) 22. Nxe5 Rxc1 23. Rxc1 Bxb3 24. Nf3 Bxa4 25. Nxd4 Ne6 26. Nf5
Qf6 27. Ne3 Qd4 28. Qa2 Nc5 29. Rc4 Bb3 30. Rxd4 Bxa2 31. Rb4 Re6 1/2-1/2

[Event "Dresden ZMD op"]
[Site "Dresden"]
[Date "2015.08.23"]
[Round "9"]
[White "Ulybin, Mikhail"]
[Black "Zakhartsov, Vladimir"]
[Result "1/2-1/2"]
[WhiteElo "2522"]
[BlackElo "2453"]
[Annotator "Zakhartsov,Vi"]
[PlyCount "123"]
[EventDate "2015.08.15"]
[EventType "swiss"]
[EventRounds "9"]
[EventCountry "GER"]
[SourceTitle "EXT 2017"]
[Source "ChessBase"]
[SourceDate "2016.10.25"]
[SourceVersion "1"]
[SourceVersionDate "2016.10.25"]
[SourceQuality "1"]

1. d4 Nf6 2. c4 e6 3. g3 d5 4. Nf3 dxc4 5. Bg2 Bd7 6. Ne5 Bc6 7. Nxc6 Nxc6 8.
O-O Qd7 9. e3 O-O-O 10. Nd2 {Another continuation -} (10. Qa4 Nd5 11. Qxc4 h5
12. Nc3 h4 {with mutial attack on the opposite flanks.}) 10... e5 11. Nxc4 exd4
12. Qb3 (12. exd4 Qe6 13. Qa4 Rxd4 14. b3 Ne4 15. Bb2 Nc5 16. Qxc6 bxc6 17.
Bxd4 Ne4 18. Rae1 f5 19. g4 Bd6 20. gxf5 Qh6 21. f4 Bxf4 22. Rxe4 Qxh2+ 23. Kf2
Qg3+ 24. Kg1 Qh2+ 25. Kf2 Qg3+ {1/2:1/2, Ulibin - Brkic, Biel 2015}) 12... Nd5
13. Bd2 {A novelty.} ({Previously has been played} 13. Rd1 Bc5 14. Ne5 Nxe5 15.
exd4 c6 16. dxc5 Qf5 17. Bxd5 {(1/2:1/2 E. Vorobiov - Raznikov, Pardubice 2015)
} Rxd5 18. Rxd5 cxd5 19. Bf4 Nc6 {with an equal game.}) 13... h5 $6 {A flank
attack with open centre is dubious.} ({Black should play} 13... Bc5 14. Rac1
dxe3 15. Nxe3 Bxe3 16. Bxe3 Qe6 17. Bc5 Rhe8 18. Rfd1 Nb6 19. Qxe6+ fxe6 20.
Bxc6 bxc6 $11) 14. Rac1 Kb8 15. Rfd1 h4 $2 ({Relatively better would be} 15...
Qe6 16. Na5 Nxa5 17. Bxa5 Nb6 18. Rxd4 Rxd4 19. Qxe6 fxe6 20. exd4 g5 21. Re1
Bg7 22. Bc3 Re8 {, although White's position is better after} 23. Bf3) 16. Na5
Nxa5 17. Bxa5 Nb6 18. Rxd4 Bd6 19. a4 hxg3 20. hxg3 Qe6 {Black has not other
defence against the coming Bc3 and a5.} 21. Qxe6 fxe6 {Thus, Black has a very
unenviable position: pawn islands e6 and g7, White's pair of bishops in open
position.} 22. Bc3 e5 23. Rg4 Rd7 24. a5 Nc8 25. Rd1 {Missing a strong
opportunity:} (25. a6 $1 b6 (25... bxa6 26. Ra1) 26. Rg5 Re7 27. b4 {with
probably decisive advantage.}) 25... Re7 26. Be4 ({Again} 26. a6 {was very
strong.}) 26... a6 27. Kg2 Na7 {Black's play became a little easier, but
anyway White keeps a large advantage.} 28. Rd3 Nb5 29. Bd2 Rf8 30. Rg5 Rf6 31.
Be1 Rh6 32. g4 c6 33. f3 Bc7 34. Bg3 Ka7 35. b4 Bd6 36. Be1 Kb8 37. Bg3 Rhe6
38. Be1 Rh6 39. Rf5 Kc7 40. Rf8 b6 41. g5 Rh5 42. g6 bxa5 43. bxa5 Bc5 44. Rf7
Rxf7 45. gxf7 Bf8 46. Rd1 Nd6 47. Bb4 $2 {In severe time trouble (usual for
Mihkail) he misses all advantage.} (47. Bg3 {would keep good winning chances,
for example:} Rg5 48. Kf2 Nxf7 49. f4 {, and Black forced to give up an
exchange:} Rxg3 50. Kxg3) 47... Rg5+ 48. Kh2 Rh5+ 49. Kg2 Rg5+ 50. Kh2 Rh5+ 51.
Kg1 Rg5+ {Now it is a draw.} 52. Kf1 Nxe4 53. Bxf8 Rf5 54. Bxg7 Rxf3+ 55. Ke2
Rxf7 56. Bxe5+ Kc8 57. Rb1 Rf5 58. Rb8+ Kd7 59. Rb7+ Kc8 60. Rb8+ Kd7 61. Rb7+
Kc8 62. Rb8+ 1/2-1/2

[Event "Cappelle op 26th"]
[Site "Cappelle la Grande"]
[Date "2010.02.14"]
[Round "2"]
[White "Housieaux, David"]
[Black "Zakhartsov, Viacheslav V"]
[Result "1/2-1/2"]
[WhiteElo "2423"]
[BlackElo "2562"]
[Annotator "Zakhartsov,Vi"]
[PlyCount "113"]
[EventDate "2010.02.13"]
[EventType "swiss"]
[EventRounds "9"]
[EventCountry "FRA"]
[SourceTitle "CBM 135"]
[Source "ChessBase"]
[SourceDate "2010.03.17"]
[SourceVersion "1"]
[SourceVersionDate "2010.03.17"]
[SourceQuality "1"]

1. d4 Nf6 2. c4 e6 3. g3 d5 4. Nf3 dxc4 5. Bg2 Nc6 6. O-O Rb8 7. Nc3 b5 8. Ne5
Nxe5 9. dxe5 Nd7 10. Qd4 c5 11. Qf4 Qc7 {This was my 2nd game in this
variation of the Catalan.} ({Previously I had played} 11... Bb7 12. Rd1 (12.
Ne4 Qc7 13. a4 a6 14. axb5 axb5 15. Ng5 Nb6 16. Ra7 Nd5 17. Bxd5 exd5 18. e6
$18 {Romero-Werle, Groningen 2002}) 12... Bxg2 13. Kxg2 Qc7 14. a4 b4 (14... a6
{!?}) 15. Nb5 Qb7+ 16. f3 c3 17. bxc3 a6 18. Nd6+ Bxd6 19. exd6 O-O 20. cxb4
Qxb4 21. Qxb4 Rxb4 22. Bd2 Rb2 23. Rab1 Rfb8 24. Rxb2 Rxb2 25. Kf2 f5 26. Be3
Rb4 27. Bxc5 Nxc5 28. d7 Nxd7 29. Rxd7 Rxa4 {Khamitskiy-Zakhartsov, Stare
Mesto 2009. with a draw.}) 12. a4 a6 13. axb5 axb5 14. Rd1 Be7 (14... Nxe5 {
is bad:} 15. Bc6+ $1 Qxc6 16. Qxe5 Rb7 17. Bg5 f5 (17... f6 18. Bxf6 $1) (17...
Rd7 18. Rxd7 Bxd7 19. Qb8+ Bc8 20. Ra8) 18. Rd8+ Kf7 19. Ra8 Bd7 20. Bh6 gxh6
21. Qxh8 Bg7 22. Qxh7 {1:0, Antic-Savicevic, Yugoslavia 2003}) 15. Qg4 Kf8 16.
Bg5 $1 {A very strong reply. I was aware only of} (16. f4 g6 17. Qf3 b4 18. Ne4
Kg7 19. Nd6 Rd8 20. Be3 Bxd6 21. exd6 Qb6 22. Qe4 c3 23. bxc3 Bb7 24. Qc4 Bxg2
25. Kxg2 b3 {...0:1, Jirka-Laznicka, Olomouc 2004}) 16... Nxe5 {Other options
are less attractive:} (16... Bxg5 17. Qxg5 h6 18. Qd2 Qxe5 19. Bc6 b4 20. Nb5
$16) (16... f6 17. exf6 Nxf6 18. Qf4 {!} Qxf4 (18... e5 19. Qe3 Kf7 20. Bxf6
Bxf6 21. Nd5 Qd6 22. Nxf6 Qxf6 23. Ra7+ {with a winning attack}) 19. Bxf4 Rb6
20. Bc7 Ra6 21. Rxa6 Bxa6 22. Ra1 Bc8 23. Nxb5 {with a big advantage in both
cases.}) 17. Bxe7+ Qxe7 18. Qf4 {A natural novelty.} ({Although White won after
} 18. Qe4 Qc7 19. f4 Ng4 20. Ra8 {... 1:0, S.Porat-Steingrimsson, Budapest
2005. Black had a quite decent position in that game.}) 18... f6 19. Ne4 Bb7 $2
{Despite his 2 extra pawns, Black has difficulties with moves. For example} (
19... Qc7 $2 {loses to} 20. Nxf6 $1 gxf6 21. Qxf6+ Nf7 22. Ra7) (19... h5 {
was a relatively better option:} 20. Nxc5 Kg8 21. b4 cxb3 22. Nxb3 {with more
than enough compensation for the pawn.}) 20. Ra7 Nc6 21. Nxf6 $1 {I had
overlooked this move when playing 19...Bb7.} Qxf6 22. Qd6+ {This move is good
enough, but} (22. Qc7 $1 {was even stronger:} Rc8 (22... Qe7 23. Rd7 Qxd7 24.
Qxd7 Nxa7 25. Bxb7 {winning}) 23. Qd6+ Qe7 24. Rxb7 Qxd6 25. Rxd6 Nd8 (25...
Nd4 26. e3 c3 27. bxc3 Ne2+ 28. Kf1 Nxc3 29. Rdd7 {with a decisive advantage})
26. Rc7 Rb8 27. Rdd7 {and Black has nothing better than} b4 28. Rxc5 c3 29.
bxc3 b3 30. Rb5 $1 Rxb5 31. Rxd8+ Ke7 32. Rxh8 b2 33. Be4 b1=Q+ 34. Bxb1 Rxb1+
35. Kg2 {with a losing endgame.}) 22... Qe7 23. Bxc6 Qxd6 24. Rxd6 Bxc6 25.
Rxc6 b4 26. Rcc7 {Of course!} ({After} 26. Rxc5 c3 27. bxc3 b3 28. Ra1 b2 29.
Rb1 Ke7 30. Rc4 Rb3 31. Rb4 Rb8 32. Rxb3 Rxb3 {Black shoud hold this ending.})
26... h5 $2 {A blunder.} ({Necessary was} 26... g5 27. Kg2 h6 28. Kf3 {
although this endgame was unpleasant.}) 27. Rf7+ Ke8 28. Rxg7 Rf8 ({I had
overlooked that} 28... c3 {loses to} 29. bxc3 bxc3 (29... b3 30. Rgb7 Rxb7 31.
Rxb7 {, winning}) 30. Rgc7 c2 31. Rxc5 Rb1+ 32. Kg2 c1=Q 33. Rxc1 Rxc1 34. Ra8+
{with 2 extra pawns.}) 29. Kg2 b3 $2 (29... c3 {was the lesser evil:} 30. bxc3
b3 31. Rge7+ Kd8 32. Rad7+ Kc8 33. Rc7+ Kd8 34. Red7+ Ke8 35. Rd1 {transposing
to the game.}) 30. Rge7+ (30. Rae7+ $1 Kd8 31. Rd7+ {didn't leave Black any
counterchances:} Kc8 (31... Ke8 {??} 32. Rge7#) 32. Rc7+ Kd8 33. Rxc5 {and
Black can resign.}) 30... Kd8 31. Rad7+ Kc8 32. Rc7+ Kd8 33. Red7+ Ke8 34. Re7+
Kd8 35. Red7+ Ke8 36. Rd1 c3 37. bxc3 b2 38. Rb1 Rf5 (38... Rb3 39. Ra7 Rf7 40.
Ra8+ Ke7 41. Ra2 {and the b2-pawn falls.}) 39. e4 Rf7 40. Rxc5 Rb3 41. Rxh5
Rfb7 42. h4 {This move gave me some hopes, because I saw that} (42. Rh8+ Kd7
43. Rh7+ Kc6 44. Rxb7 {was winning:} Rxb7 45. h4 (45. Kf1 $2 Kc5 46. Ke2 Kc4
47. Kd2 Kb3 {and the black king would be in time.}) 45... Kc5 46. g4 Kc4 47. h5
Kxc3 48. h6 Kc2 49. Rxb2+ Kxb2 50. g5 Rh7 51. Kf3 Kc3 52. Kg4 Kd4 53. Kh5 $18)
42... Kf8 43. c4 R7b4 44. Rb5 (44. Rc5 {would be more precise:} Kg7 (44... Rc3
45. Rb5 Rxb5 46. cxb5 Rb3 47. Kf1) 45. Rc7+ Kg6 46. c5 Rc3 47. c6 Rc1 48. Rb7 {
with a winning ending.}) 44... Rxb5 45. cxb5 Kg7 {The king sets out on his way.
} 46. Kf1 $6 {Too passive.} (46. f4 Rxb5 47. g4 Rb3 48. h5 Kh6 49. e5 {left
more winning chances:} Rb8 (49... Kg7 50. g5 Kf7 51. Kf1 Kg7 52. Ke1 Kh7 53.
Kd2 Kg7 54. Kc2 Rf3 55. Rxb2 Rxf4 56. Rb7+ Kg8 57. h6 Rg4 58. Rg7+ Kh8 59. Rg6
Kh7 60. Rxe6 Rxg5 61. Kd3 Rg4 62. Rf6 {winning}) 50. Kg3 Rb7 51. Kh4 Rb3 52.
g5+ Kg7 53. Kg4 Rb4 (53... Kf7 54. g6+ Kg7 55. f5 exf5+ 56. Kxf5) (53... Kh7
54. f5 Rb4+ 55. Kf3 exf5 56. e6 Kg7 57. e7 Kf7 58. h6 Kxe7 59. h7 Rh4 60. Rxb2
Kf7 61. Rb6 Kg7 62. g6) 54. Kf3 Kh7 55. Ke3 Rb3+ 56. Kd4 Rb4+ 57. Kc5 Rb8 58.
Kd6 Rb6+ 59. Ke7 Kg7 60. g6 {and Black is in zugzwang:} Kh6 61. Kf6) 46... Kf6
47. Ke2 Ke5 48. Kd2 Kxe4 49. Kc2 Rxb5 50. Rxb2 Rc5+ 51. Kd1 Kf3 {The king has
done its work. 25 moves ago he couldn't have dreamt about this route!} 52. Re2
$2 (52. Rb4 Kxf2 53. g4 Rd5+ 54. Kc2 Rd8 55. g5 Rg8 56. Re4 Kg3 57. Kd3 {
left winning chances to White.}) 52... e5 53. Ke1 {In time trouble White
decides to repeat moves. Though, either} (53. h5 e4 54. h6 Rh5 55. Ke1 Rh1+ 56.
Kd2 Rxh6 {or}) (53. Rc2 Rxc2 54. Kxc2 e4 55. h5 Kxf2 56. h6 e3 57. h7 e2 58.
h8=Q e1=Q {led to a draw.}) 53... Rc1+ 54. Kd2 Rc5 55. Ke1 Rc1+ 56. Kd2 Rc5 57.
Ke1 1/2-1/2